000 00463pab a2200157 454500
008 180718b1999 xxu||||| |||| 00| 0 eng d
100 _aChandra, Pankaj
245 _aCompeting through capabilities: strategies for global competitiveness of Indian textile industry
260 _c1999
300 _ap.M17-24
362 _a27 Feb
650 _aTextile industry - India
650 _aTextile industry
773 _aEconomic and Political Weekly
909 _a40349
999 _c40349
_d40349